Statistics for Countries That Used To Be In The USSR

Click here to take the quiz!

General Stats

  • This quiz has been taken 128 times
    (71 since last reset)
  • The average score is 12 of 15

Answer Stats

Continent Country % Correct
EuropeBelarus
96%
EuropeUkraine
93%
EuropeEstonia
93%
EuropeLatvia
93%
EuropeLithuania
93%
AsiaTurkmenistan
85%
AsiaUzbekistan
85%
AsiaGeorgia
82%
AsiaTajikistan
82%
AsiaArmenia
78%
AsiaAzerbaijan
76%
EuropeMoldova
75%
EuropeRussia
71%
AsiaKazakhstan
67%
AsiaKyrgyzstan
65%

Score Distribution

Percentile by Number Answered

Percent of People with Each Score

Your Score History

You have not taken this quiz since the last reset